| 000 | 01778nam a2200457Ii 4500 | ||
|---|---|---|---|
| 001 | DIGVEDIV0109 | ||
| 003 | NyNyDIG | ||
| 008 | 140523t20092009sp a ob 000 0 spa d | ||
| 006 | m o d | ||
| 007 | cr ||||||||||| | ||
| 040 |
_aDGITA _beng _erda _epn _cDGITA |
||
| 020 |
_a9788499450346 _q(eBook ; _qpdf) |
||
| 020 |
_a8499450342 _q(eBook ; _qpdf) |
||
| 020 |
_a9788499453682 _q(eBook ; _qePub) |
||
| 020 |
_a8499453686 _q(eBook ; _qePub) |
||
| 020 | _z9788481699333 | ||
| 020 | _z8481699330 | ||
| 035 | _a(OCoLC)729369649 | ||
| 050 | 1 | 4 | _aBS2625.53 eBook |
| 100 | 1 |
_aRamis Darder, Francesc, _eauthor. |
|
| 245 | 1 | 0 |
_aHechos de los Apóstoles / _cFrancesc Ramis Darder. |
| 264 | 1 |
_aEstella (Navarra), España : _bEditorial Verbo Divino, _c[2009] |
|
| 264 | 4 | _c©2009 | |
| 300 |
_a1 online resource (429 pages) : _billustrations |
||
| 336 |
_atext _btxt _2rdacontent |
||
| 337 |
_acomputer _bc _2rdamedia |
||
| 338 |
_aonline resource _bcr _2rdacarrier |
||
| 490 | 1 |
_aGuías de Lectura del Nuevo Testamento ; _v5 |
|
| 504 | _aIncludes bibliographical references. | ||
| 588 | 0 | _aOnline resource; title from ePub and PDF title page (Digitalia, viewed May 23, 2014) | |
| 630 | 0 | 0 |
_aBible. _pActs _vCommentaries. |
| 630 | 0 | 0 |
_aBible. _pActs _vTextbooks. |
| 655 | 0 | _aElectronic books. | |
| 791 | 2 |
_aDigitalia (Firm), _edistributor. |
|
| 793 | 0 |
_gDigitalia eBook Collection: _aEditorial Verbo Divino. |
|
| 776 | 0 | 8 |
_iPrint version: _aRamis Darder, Francesc. _tHechos de los Apóstoles. _dEstella, Navarra, Spain : Verbo Divino, 2009 _z9788481699333 _w(OCoLC)423586719 |
| 830 | 0 |
_aGuías de Lectura del Nuevo Testamento ; _v5. |
|
| 856 | 4 | 0 |
_3Digitalia Hispánica _uhttps://www.digitaliapublishing.com/a/2442/ |
| 910 | _aPremium Collection: 2013 | ||
| 942 | _cRAA | ||
| 999 |
_c230422 _d230422 |
||